000 00322nam a2200157Ia 4500
100 _aKrumm/John
650 _aComputing
942 _cBK
366 _f25
245 _aUbiquitous computing fundamentals
260 _b#N/A
_c2010
082 _a4.6
_bKRU
300 _a394
546 _aENGLISH
_cComputers
999 _c22256
_d22256